Score 0/20 Timer 04:00
0 Plays Today
Title Word % Correct
Poker ____Face
96%
Words Right Out of My _____Mouth
95.7%
(I Just) Died in Your ____Arms
95.6%
Our ____ Are SealedLips
95.2%
Can’t Get It Out of My ____Head
94.2%
Don’t It Make My Brown ____ BlueEyes
92.9%
On Bended ____Knee
90.6%
Keep Your _____ to YourselfHands
89.7%
Slipping Through My _______Fingers
89%
Harden My _____Heart
87.3%
Title Word % Correct
I’ve Got You Under My ____Skin
86.9%
Head to ___Toe
86%
Baby Got ____Back
86%
____ Don’t Fail Me NowFeet
79%
___ to Be SquareHip
69.4%
_____ DamageBrain
67.6%
Sister Golden ____Hair
66.7%
Skin o’ My _____Teeth
62.5%
Dirt off Your ________Shoulder
51.3%
My Iron ____Lung
48.9%

Today's Daily Dose

Remove Ads.
Support Sporcle.
Get the best of Sporcle when you Go Orange. This ad-free experience offers more features, more stats, and more fun while also helping to support Sporcle. Thank you for becoming a member.

You're not logged in!

Compare scores with friends on all Sporcle quizzes.
OR
Log In

Show Comments

Extras

Top Quizzes Today


Score Distribution

Your Account Isn't Verified!

In order to create a playlist on Sporcle, you need to verify the email address you used during registration. Go to your Sporcle Settings to finish the process.

Report this User

Report this user for behavior that violates our Community Guidelines.

Details: